| 000 | 00591nam a2200205Ia 4500 | ||
|---|---|---|---|
| 003 | OSt | ||
| 005 | 20250507122339.0 | ||
| 008 | 210210b1972 xxu||||| |||| 00| 0 eng d | ||
| 040 | _cAL | ||
| 041 | _aKannada | ||
| 082 | _a540K SUBS | ||
| 100 |
_aSUBBABHATTA (K). _9152189 _dಸುಬ್ಭಭಟ್ಟ ಕೆ |
||
| 245 |
_aSarala rasayanashastra. Bhaga 1 _bಸರಳ ರಸಾಯನಶಾಸ್ತ್ರ : ಭಾಗ ೧ |
||
| 260 |
_aMaisuru _bGita Buk Haus _c1972 |
||
| 300 | _avii,432 | ||
| 650 |
_aI PUC _9152190 |
||
| 690 |
_aChemistry _9152191 |
||
| 906 | _a030975 | ||
| 942 |
_2ddc _cBK |
||
| 999 |
_c82147 _d82147 |
||